25 Things We Learned in 2014 Quiz Stats

Quiz Updated Jan 18, 2016

Challenge
Share
Tweet
Embed
Score 0/25 Timer 05:00
0 Plays Today
% Correct
cat
95.4%
sex
93.5%
zombie apocalypse
86.8%
animals
83.5%
turquoise
79.1%
seek extramarital affairs
77.7%
baboon
76%
time travellers
75.9%
yawns
73.3%
stay married longer
72%
pride of lions
70.5%
Clown Club
70.2%
eat more
68.1%
% Correct
jogging
66.8%
women
64.3%
men
64.2%
dreams
61%
bicycles
58%
big head
54%
sea lions
51%
Scrooge McDuck
41.1%
night owls
38.4%
A113
37.7%
rubber ducks
37.1%
Peanut
31.2%

You're not logged in!

Compare scores with friends on all Sporcle quizzes.
Join for Free
OR
Log In

You Might Also Like...

Show Comments

Extras

Top Quizzes Today


Score Distribution

Your Account Isn't Verified!

In order to create a playlist on Sporcle, you need to verify the email address you used during registration. Go to your Sporcle Settings to finish the process.

Report this User

Report this user for behavior that violates our Community Guidelines.

Details: